000 00661nam a22002177a 4500
003 LK-CoMWRAF
005 20240113003651.0
008 231228b2008 |||||||| |||| 00| 0 eng d
020 _a9789551848118
040 _aLK-CoMWRAF
_dLK-CoMWRAF
_eLK-CoMWRAF
041 _atam
082 _a894.8113
_bSIR
100 _aசிறிவர்தன, தெனகம
_vSiriwardhana, Denagama
245 _aகுருதட்சனண
246 _aGurudatchanai
260 _aAnamaduwa:
_bThothanna,
_c2008
300 _aviii.,142 p.
650 _aTAMIL FICTION
700 _aகமல், திக்வெல்லே
_yKamal, Dickwelle
_etrans.
942 _cBK
999 _c4579
_d4579